Public speaking : 10 ways to deliver your messge with confidence

The Professional Communication Series 1e—PUBLIC SPEAKING, Interviewing, Technical Communications, Multimedia Presentation Skills, and Managing Information in the Workplace are flexible modules that cover the important communication skills students will need for their careers. Each module consists of...

Full description

Saved in:
Bibliographic Details
Format: Book
Language:Undetermined
Published: New York McGraw-Hill 2003
Subjects:
Tags: Add Tag
No Tags, Be the first to tag this record!
Institutions: Trung tâm Học liệu Trường Đại học Cần Thơ
LEADER 01283nam a2200193Ia 4500
001 CTU_115886
008 210402s9999 xx 000 0 und d
020 |c 45.31 
082 |a 808.51 
082 |b P976 
245 0 |a Public speaking : 
245 0 |b 10 ways to deliver your messge with confidence 
260 |a New York 
260 |b McGraw-Hill 
260 |c 2003 
520 |a The Professional Communication Series 1e—PUBLIC SPEAKING, Interviewing, Technical Communications, Multimedia Presentation Skills, and Managing Information in the Workplace are flexible modules that cover the important communication skills students will need for their careers. Each module consists of 192 pages presented in 10 chapters. Each includes the following features: Workplace Tips, Communication @ Work, self-assessment activities, chapter summaries, key terms, Ethics in Action, Technology Tips, Global Notes, Quotable Quips, and application exercises and checklists. Components of each module are Student Edition, Student Edition with CD-ROM, Instructor Resource Manual with CD-ROM (including ExamView Pro and PowerPoint), Distance Education through PageOut, and a Web site 
650 |a Public speaking 
904 |i Tuyến 
980 |a Trung tâm Học liệu Trường Đại học Cần Thơ